BIBLIOTECA

SENCICO

La vida del buscón / (Registro nro. 41)

Detalles MARC
000 -LEADER
fixed length control field 00646nam a2200217Ia 4500
003 - CONTROL NUMBER IDENTIFIER
control field PE SENCICO BE
005 - DATE AND TIME OF LATEST TRANSACTION
control field 20251020182423.0
008 - FIXED-LENGTH DATA ELEMENTS--GENERAL INFORMATION
fixed length control field 200515s9999 xx 000 0 und d
020 ## - INTERNATIONAL STANDARD BOOK NUMBER
International Standard Book Number 958-16-0046-9
040 ## - CATALOGING SOURCE
Original cataloging agency PE SENCICO BE
Transcribing agency PE SENCICO BE
041 ## - LANGUAGE CODE
Language code of text/sound track or separate title spa
082 ## - DEWEY DECIMAL CLASSIFICATION NUMBER
Classification number 863.3
Item number Q4
100 1# - MAIN ENTRY--PERSONAL NAME
Personal name Quevedo, Francisco de
9 (RLIN) 2037
Relator term autor
245 10 - TITLE STATEMENT
Title La vida del buscón /
Statement of responsibility, etc. Francisco de Quevedo
260 ## - PUBLICATION, DISTRIBUTION, ETC.
Place of publication, distribution, etc. Barcelona :
-- Bogotá :
Name of publisher, distributor, etc. La Montaña Mágica,
-- Retina,
Date of publication, distribution, etc. 1987
300 ## - PHYSICAL DESCRIPTION
Extent 135 p. :
Dimensions 18 cm.
490 ## - SERIES STATEMENT
Series statement Obras inmortales
650 10 - SUBJECT ADDED ENTRY--TOPICAL TERM
Topical term or geographic name entry element Novelas españolas
9 (RLIN) 2038
650 20 - SUBJECT ADDED ENTRY--TOPICAL TERM
Topical term or geographic name entry element Literatura española
9 (RLIN) 2034
942 ## - ADDED ENTRY ELEMENTS (KOHA)
Koha item type Libros
Source of classification or shelving scheme Dewey Decimal Classification
Existencias
Fecha de la última vez que lo usaron Número de ingreso o de inventario Pago total Signatura topográfica completa Código de barras Precio efectivo desde Tipo de documento Estado perdido Sistema de clasificación Estado dañado No es para préstamo Retirado Ubicación permanente Ubicación actual Fecha de adquisición
15/05/2020 12385   863.3/Q4 BibLima24030058 15/05/2020 Libros   Dewey Decimal Classification       Biblioteca Central Lima Biblioteca Central Lima 15/05/2020
15/05/2020 12386   863.3/Q4/ej. 2 BibLima24030059 15/05/2020 Libros   Dewey Decimal Classification       Biblioteca Central Lima Biblioteca Central Lima 15/05/2020
15/05/2020 12387   863.3/Q4/ej. 3 BibLima24030060 15/05/2020 Libros   Dewey Decimal Classification       Biblioteca Central Lima Biblioteca Central Lima 15/05/2020